00352 2200145 4500001002100000005001500021035002000036245005500056100001400111300001200125260003500137082000800172084001400180990001200194INLIS00000000000191920250521013745 a0010-05250002111 aGod....Pliss....Jodohin Gue Dong !!!! /cSoffi S.B0 aSoffi S.B a210 hlm aJakarta :bQultum Media,c2005 a813 a813 SOF g a0713438